Dixieland Delight Lyrics - Statistics

General Stats
  • This quiz has been taken 92 times
  • The average score is 112 of 167
Answer Stats
Answer % Correct
a
97%
my
90%
delight
89%
Dixieland
89%
dollar
87%
on
87%
the
87%
little
84%
in
83%
Spend
83%
hold
81%
Tennessee
81%
night
79%
down
78%
holler
78%
Rollin'
78%
so
78%
byway
75%
with
75%
lover
71%
mountain
71%
one
71%
other
71%
Saturday
71%
wheel
71%
arm
70%
parked
70%
backwoods
68%
her
68%
sweet
68%
all
67%
holdin'
67%
southern
67%
got
65%
hard
65%
jingle
65%
make
65%
worked
65%
uptight
63%
Mason
62%
moonlight
62%
week
62%
lovin'
60%
thrill
60%
feel
59%
I'm
59%
'neath
59%
soft
59%
better
57%
dovin'
57%
turtle
57%
Dixon
56%
together
56%
couldn't
52%
oh
49%
right
48%
life
44%
as
41%
bullfrog
38%
groundhog
38%
buck
37%
clover
37%
deer
37%
munchin'
37%
old
37%
tail
37%
wind
37%
croakin'
35%
free
35%
red
35%
White
35%
chubby
33%
country
33%
feelin'
33%
lucky
33%
hawk
32%
sittin'
32%
girl
30%
heaven
29%
grown
27%
home
27%
limb
27%
livin'
27%
me
27%
seven
25%
fits
22%
gonna
22%
whirl
21%
give
17%
No matching quizzes found
Score Distribution
Percent of People with Each Score
Percentile by Number Answered
Your Score History
You have not taken this quiz